000 00471nam a2200157Ia 4500
005 20250508151252.0
008 008 250505s9999 xx 000 0 eng d
037 _aBooks to be hide in OPAC
040 _aFEDL
_beng
_cFEDL
041 _aeng
_2eng
084 _a912.421, JOH/O
_qFEDL
245 0 _aLondon pocket atlas and guide
260 _aEdinburg, UK
_bJohn Bartholomew and Son Ltd.
_c1939
942 _cHB
_h912.421, JOH/O
999 _c1328763
_d1328763